000 00201nam a2200085Ia 4500
008 180219s9999 xx 000 0 und d
100 _aJaswal Anita
245 0 _aShikshi Vichar Avam Vavhar
260 _aR Lal Meerut
260 _c2014
999 _c42293
_d42293